000 00456nam a2200157Ia 4500
999 _c19891
_d19891
003 OSt
005 20200615145229.0
008 190216s9999||||xx |||||||||||||| ||und||
040 _coclc
082 _a305.563
_bRAH/P
100 _aRahman, Atiur
_92925
245 0 _aPeasants And Classes /
_c Atiur Rahman
260 _bOxford University Press,
_c1986.
_aDelhi:
300 _a295p
942 _cBK
_2ddc
_h305.563
_iRAH/P
_k305.563
_mRAH/P